Hitler: the occult messiah
I tiakina i:
| Kaituhi matua: | |
|---|---|
| Hōputu: | Pukapuka |
| Reo: | Ingarihi |
| Ngā Tūtohu: |
Kāore He Tūtohu, Me noho koe te mea tuatahi ki te tūtohu i tēnei pūkete!
|
MARC
| LEADER | 00000nam a2200000 4500 | ||
|---|---|---|---|
| 005 | 20240918192322.0 | ||
| 008 | 240724b |||||||| |||| 00| 0 eng d | ||
| 020 | |a 978-0312388218 | ||
| 040 | |c GP | ||
| 100 | |a Suster, Gerald | ||
| 245 | |a Hitler: the occult messiah | ||
| 942 | |2 ddc |c BK |n 0 | ||
| 952 | |0 0 |1 0 |2 ddc |4 0 |6 940_531800000000000_SUS |7 1 |9 1717 |a RM |b RM |d 2024-07-24 |l 0 |o 940.5318 SUS |p 482 |r 2024-07-24 17:30:05 |w 2024-07-24 |y BK | ||
| 999 | |c 1530 |d 1530 | ||